| 000 | 00708cab a2200253 4500 | ||
|---|---|---|---|
| 001 | WB3504-12 | ||
| 008 | 090401t1999 xxu||||| |||| 00| 0 eng d | ||
| 035 | _a(Sirsi) u90903 | ||
| 041 | _aeng | ||
| 245 | _aConsumers outsmart the shops in hard times | ||
| 260 | _c1999 | ||
| 350 | _a0 | ||
| 490 |
_aIndependent _v23 January 1999, 8(2) |
||
| 520 | _alooks aat the winners and losers amongst retailers in the present economic climate. Table. | ||
| 650 | _aHIGH STREET STORES | ||
| 650 | _aJANUARY SALES | ||
| 650 | _aRECESSION | ||
| 650 | _aRETAILERS | ||
| 650 | _aRETAILING | ||
| 650 | _aSLUMP | ||
| 690 | _aPROPERTY-COMMERCIAL PROPERTY-RETAIL PROPERTY | ||
| 942 | _n0 | ||
| 948 | _c26/01/1999 | ||
| 999 |
_c57665 _d57665 |
||